Toutataché (click quiz) - Statistiques

Statistiques générales
  • Ce quiz a été pris 94 fois
  • Le résultat moyen est 8 sur 8
Statistiques - réponses
Hint Réponse % Correct
Jenaimepaslavulvgarité V
98%
Vatefaireomettre O
97%
Tuécrislvraimentnimportequoi L
96%
Leswcxsontbouchés X
96%
Tupuesdurcul R
94%
Questcequonsmangecesoir S
94%
Jekiffeletquizdejm53gripsou T
94%
Fautrachetnerdupq N
87%
Aucun quiz correspondant
Distribution des résultats
% des personnes avec chaque résultat
Percentile par nombre de réponses
Votre historique - résultats
Vous n’avez pas pris ce quiz